Reflexiones sobre el encuentro nicaragüense con el régimen filibustero de William Walker, 1855-1856 /
El artículo examina el encuentro entre Nicaragua y el régimen filibustero liderado por William Walker durante los años 1855-1856, con un enfoque particular en las reflexiones históricas y contextuales de este evento. El autor, Michel Gobat, explora las circunstancias y factores que llevaron a la pre...
Guardado en:
| Hovedforfatter: | |
|---|---|
| Format: | Texto |
| Sprog: | Spanish |
| Fag: | |
| Tags: |
Tilføj Tag
Ingen Tags, Vær først til at tagge denne postø!
|
MARC
| LEADER | 00000 a a2200000 04500 | ||
|---|---|---|---|
| 001 | 15567 | ||
| 003 | cru IIS | ||
| 005 | 20230904142659.0 | ||
| 008 | 230904b |||||||| |||| 00| 0 spa d | ||
| 040 | |c A | ||
| 100 | |a Gobat, Michel | ||
| 245 | |a Reflexiones sobre el encuentro nicaragüense con el régimen filibustero de William Walker, 1855-1856 / |c Michel Gobat | ||
| 520 | |a El artículo examina el encuentro entre Nicaragua y el régimen filibustero liderado por William Walker durante los años 1855-1856, con un enfoque particular en las reflexiones históricas y contextuales de este evento. El autor, Michel Gobat, explora las circunstancias y factores que llevaron a la presencia de Walker en Nicaragua, así como las implicaciones políticas, sociales y económicas de su breve régimen. Se analiza cómo esta experiencia dejó una marca significativa en la historia de Nicaragua y Costa Rica, y cómo ha influido en la percepción colectiva de estos eventos en la región. A través de un enfoque histórico y comparativo, se examinan las relaciones entre Nicaragua y Costa Rica en este período de crisis, así como las lecciones aprendidas y las implicaciones a largo plazo de este episodio en la historia centroamericana. RAR 08/2023 | ||
| 650 | |a HISTORIA | ||
| 650 | |a GUERRA | ||
| 650 | |a COSTA RICA | ||
| 650 | |a NICARAGUA | ||
| 650 | 0 | |a COSTA RICA |2 OCDE |9 11620 | |
| 650 | 4 | |a RELACIONES INTERNACIONALES |2 OCDE |9 2646 | |
| 773 | |g número 20 -21; páginas 71-87 | ||
| 942 | |2 ddc |c REF | ||
| 999 | |c 25141 |d 25141 | ||
